1737 1537 1339 1609 1700 1461 1339 1965 1612 1590 1743 1541 1128 1214 1932 1911 1162 1635 1546 1587 1048 1989 1840 1155 1371 1315 1012 1362 1630 1011 1951 1229 1369 1614 1108 1160 1248 1545 1103 1539 1445 1589 1710 1599 1528 1902 1532 1591 1997 1816 1405 1262 1125 1740 1507 1704 1132 1410 1244 1182 1620 1249 1216 1053 1044 1317 1845 1101 1386 1199 1120 1845 1195 1094 1265 1211 1362 1038 1300 1790 1960 1794 1686 1776 1736 1966 1878 1108 1065 1513 1481 1216 1184 1421 1346 1829 1318 1110 1517 BCNSPRNW ULIB Ver.6.0+V

เปลี่ยนเป็นภาษาไทย

Change to English
 แสดงรายละเอียดบรรณานุกรม
  กลับหน้าหลัก

Brief Record : Get Marc (ISO 2709) : E-mail record : QR code < ปิดหน้าต่าง
LEADER : 00000nam 2200000uu 4500
001    13399121010
003     ULIB
008    020711s2547 th a 000 0 tha d
020    9789746119511(ล2)
020    9746119516(ล.2)
050  4 HQ796^bส719ก
110    มหาวิทยาลัยสุโขทัยธรรมาธิราช.^bสาขาวิทยาการจัดการ
245    กิจกรรมและประสบการณ์เยาวชน หน่วยที่ 8-15/^cมหาวิทยาลัยสุโขทัยธรรมาธิราช
250    พิมพ์ครั้งที่ 5
260    นนทบุรี :^bมหาวิทยาลัยสุโขทัยธรรมาธิราช.,^c2547
650    กิจกรรม
945    ^p0^l0^i24384
999    ^aทศพร เกษรทอง
รายการนี้ยังไม่มีแท็ก
คุณยังไม่ได้ล็อกอิน คุณสามารถมีกิจกรรมร่วมกับเว็บไซต์ได้ แต่ต้องล็อกอินก่อน ::
  ล็อกอิน

รายการสื่อสารสนเทศ

ลำดับที่ ประเภท เลขเรียก/บาร์โค้ด สถานที่ สถานะ
1. วิทยาศาสตร์การแพทย์ และสุขภาพ
วิทยาศาสตร์การแพทย์ และสุขภาพ
HQ796 ส719ก ฉ.1 
  Barcode: 24384
ห้องสมุดวิทยาเขตสวรรค์ประชารักษ์
►หนังสือทั่วไป
บนชั้น

รายการใกล้เคียง
    หัวเรื่อง [กิจกรรม]

BibComment


ยังไม่เคยถูกคอมเมนท์

คอมเมนท์ทรัพยากรรายการนี้
  คอมเมนท์: กิจกรรมและประสบกา..


 Copyright 2026. Bcnsprnw @Library